Himnario (Record no. 39303)

MARC details
000 -LEADER
campo de control de longitud fija 00695nam a2200193 i 4500
001 - NÚMERO DE CONTROL
campo de control 39303
003 - IDENTIFICADOR DE NÚMERO DE CONTROL
campo de control ES-MaACL
005 - FECHA Y HORA DE LA ÚLTIMA TRANSACCIÓN
campo de control 20231229062541.0
007 - CAMPO FIJO DE DESCRIPCIÓN FÍSICA--INFORMACIÓN GENERAL
campo de control de longitud fija t|
008 - DATOS DE LONGITUD FIJA--INFORMACIÓN GENERAL
campo de control de longitud fija 030227s1956 sp ||||1| spa d
100 1# - ENTRADA PRINCIPAL--NOMBRE DE PERSONA
Nombre de persona Calle Iturrino, Esteban.
9 (RLIN) 33706
245 10 - MENCIÓN DEL TÍTULO
Título Himnario
Resto del título : poesía civil y religiosa (antología) /
Mención de responsabilidad, etc. estudios críticos de Federico C. Saínz de Robles y Luis Astrana Marín.
260 ## - PUBLICACIÓN, DISTRIBUCIÓN, ETC.
Lugar de publicación, distribución, etc. Bilbao :
Nombre del editor, distribuidor, etc. [Caja de Ahorros Vizcaína,
Fecha de publicación, distribución, etc. 1956] (
Fabricante Nore)
300 ## - DESCRIPCIÓN FÍSICA
Extensión 182 p. :
Otras características físicas retr. aut. ;
Dimensiones 21 cm.
700 1# - ENTRADA AGREGADA--NOMBRE PERSONAL
Nombre de persona Sainz de Robles, Federico Carlos,
Fechas asociadas al nombre 1898-1982
9 (RLIN) 101593
700 1# - ENTRADA AGREGADA--NOMBRE PERSONAL
Nombre de persona Astrana Marín, Luis.
9 (RLIN) 23693
852 ## - LOCALIZACIÓN
Ubicación ES-MaACL
Número de control de estantería C-14215
Sublocalización o colección R.41789
Holdings
Estatus retirado Estado de pérdida Estado de daño No para préstamo Biblioteca de origen Biblioteca actual Ubicación en estantería Fecha de adquisición Fuente de adquisición Total de préstamos Signatura topográfica completa Código de barras Visto por última vez Precio de reemplazo Tipo de ítem Koha
        Biblioteca del Ateneo de Madrid Biblioteca del Ateneo de Madrid Sala Palomar 17/01/2008     C-14215 1041391 23/02/2023 23/02/2023 Libro impreso